00658nam a2200217Ia 450000500170000000800410001702000180005804000180007604100080009408200220010210000210012424500630014525000120020826000330022030000320025365000420028565000540032770000210038170000180040270000200042020220713160738.0210716s2013 xx 000 0 und d a9788126542918 cAIMIT LIBRARY aeng a005.448 21bHURJ aHurwitz, Judith. aHybrid cloud for dummies /cBy Judith Hurwitz...[et. al.]. a1st ed. aNew Delhi :bWILEY ,c2013 . axxii, 338p. ;bPBc23.5 cm. aCreating a unified hybrid environment aEvaluating the business value of the hybrid cloud aKaufman, Marcia. aHalper, Fern. aKirsch, Daniel.